000 00279nam a22001097a 4500
082 _a823
_bKIN/W
100 _aKINGSLEY, EMILY PEARL
245 _aWELCOME HOME BIG BIRD
260 _aUNITED STATES
_bWESTERN PUBLISHING CO
_c1985
650 _aENGLISH STORY
_zUNITED STATES
942 _cBK
999 _c7549
_d7549